000
00312nam a2200145Ia 4500
008
200305s9999 xx 000 0 und d
082
_a
330.1
082
_b
JHA
100
_a
JHINGAN M L
245
_a
ADVANCED ECONOMIC THEORY
260
_b
VRINDA PUB
300
_a
748
650
_a
ECONOMICS
999
_c
36836
_d
36836
041
_a
eng